All Incorporated Municipalities of Middlesex County, Massachusetts - Statistics

General Stats
  • This quiz has been taken 5 times
  • The average score is 25 of 54
Answer Stats
Answer % Correct
Cambridge
100%
Framingham
100%
Newton
100%
Somerville
100%
Watertown
100%
Woburn
100%
Arlington
80%
Billerica
80%
Concord
80%
Everett
80%
Lexington
80%
Lowell
80%
Malden
80%
Marlborough
80%
Medford
80%
Melrose
80%
Waltham
80%
Bedford
60%
Burlington
60%
Lincoln
60%
Winchester
60%
Acton
40%
Ashby
40%
Ayer
40%
Belmont
40%
Dunstable
40%
Hopkinton
40%
Natick
40%
Pepperell
40%
Sherborn
40%
Stoneham
40%
Townsend
40%
Tyngsborough
40%
Weston
40%
Ashland
20%
Chelmsford
20%
Dracut
20%
Groton
20%
Holliston
20%
Hudson
20%
Shirley
20%
Tewksbury
20%
Wakefield
20%
Westford
20%
Wilmington
20%
Boxborough
0%
Carlisle
0%
Littleton
0%
Maynard
0%
North Reading
0%
Reading
0%
Stow
0%
Sudbury
0%
Wayland
0%
No matching quizzes found
Score Distribution
Percent of People with Each Score
Percentile by Number Answered
Your Score History
You have not taken this quiz